000 00326 a2200157 4500
001 192943
020 _a978-85-16-10815-1
040 _cMagnum
100 _aCarrasco, Walcyr
240 1 0 _aAmor proibido
_lpor
245 1 0 _aAmor proibido
300 _a154
362 0 _a2017
697 _aLITERATURA JUVENIL
942 _cBK
999 _c192943
_d192943